Nombre Científicos de Animales - Estadísticas

Estadísticas generales
  • Esta prueba ha sido intentada 304 veces
  • La puntuación promedio es 13 de 15
Estadísticas de respuestas
Hint Respuesta % Correcto
Elephantidae Elefante
100%
Hippopotamus amphibius Hipopótamo
99%
Equus ferus caballus Caballo
98%
Crocodylidae Cocodrilo
98%
Felis catus Gato
97%
Giraffa camelopardalis Jirafa
96%
Panthera leo León
95%
Canis lupus familiaris Perro
95%
Chamaeleonidae Camaleón
94%
Araneae Araña
92%
Falco peregrinus Halcón Peregrino
88%
Balaenidae Ballena Azul
80%
Vulpes vulpes Zorro Rojo
67%
Carcharodon carcharias Tiburón Blanco
43%
Spheniscidae Pingüino
27%
No se encontraron pruebas coincidentes
Distribución de puntuación
Porcentaje de gente con cada puntuación
Porcentaje por número respondido
Historial de tus puntuaciones
No has intentado esta prueba.